[Event "Olimpiada de Khanty-Mansiysk 2010"]
[Site "Khanty-Mansiysk RUS"]
[Date "2010.09.25"]
[Round "5"]
[White "Elliott, Warren"]
[Black "Phillips, Roy Jean-Noel"]
[Result "1/2-1/2"]
[WhiteElo "2254"]
[BlackElo "2248"]
[PlyCount "77"]
[EventDate "2010.09.21"]
[EventType "team"]
[EventRounds "11"]
[EventCountry "RUS"]
[Source "lmi"]
[SourceDate "2010.09.21"]
[WhiteTeam "Jamaica"]
[BlackTeam "Mauricio"]
[WhiteTeamCountry "JAM"]
[BlackTeamCountry "MRI"]

1. e4 e6 2. d4 d5 3. Nc3 Nf6 4. Bg5 Bb4 5. e5 h6 6. Bd2 Bxc3 7. bxc3 Ne4 8. Qg4
Kf8 9. h4 c5 10. Bd3 Nxd2 11. Kxd2 c4 12. Be2 b5 13. Rh3 Nc6 14. Rg3 Rh7 15.
Qf4 Bd7 16. Bh5 Qe7 17. a3 Rb8 18. Ne2 a5 19. Qe3 Qxh4 20. Rh3 Qe7 21. f4 g6
22. Bf3 b4 23. axb4 axb4 24. f5 gxf5 25. Rxh6 Rxh6 26. Qxh6+ Ke8 27. Qh8+ Qf8
28. Qf6 b3 29. Rh1 b2 30. Rh8 b1=Q 31. Bh5 Nd8 32. Rxf8+ Kxf8 33. Nf4 Kg8 34.
Ng6 fxg6 35. Qxg6+ Kh8 36. Qh6+ Kg8 37. Qg6+ Kh8 38. Qh6+ Kg8 39. Qg6+ 1/2-1/2

[Event "Olimpiada de Khanty-Mansiysk 2010"]
[Site "Khanty-Mansiysk RUS"]
[Date "2010.09.25"]
[Round "5"]
[White "Chinasamy, Devarajen"]
[Black "Pitterson, Jomo"]
[Result "1/2-1/2"]
[WhiteElo "2077"]
[BlackElo "2242"]
[PlyCount "42"]
[EventDate "2010.09.21"]
[EventType "team"]
[EventRounds "11"]
[EventCountry "RUS"]
[Source "lmi"]
[SourceDate "2010.09.21"]
[WhiteTeam "Mauricio"]
[BlackTeam "Jamaica"]
[WhiteTeamCountry "MRI"]
[BlackTeamCountry "JAM"]

1. e4 e6 2. d4 d5 3. Nc3 Bb4 4. e5 c5 5. Bd2 cxd4 6. Nb5 Bc5 7. Qg4 g6 8. b4
Bf8 9. Nxd4 a6 10. Ngf3 Bg7 11. Bd3 f5 12. Qg3 Qc7 13. O-O Ne7 14. Rfe1 Nbc6
15. c3 h6 16. Nxc6 bxc6 17. h4 Bb7 18. Nd4 Kf7 19. Nb3 Rag8 20. Nc5 g5 21. h5
Ra8 1/2-1/2

[Event "Olimpiada de Khanty-Mansiysk 2010"]
[Site "Khanty-Mansiysk RUS"]
[Date "2010.09.25"]
[Round "5"]
[White "Matthews, Shane"]
[Black "Seegolam, Pradeep"]
[Result "1-0"]
[WhiteElo "2227"]
[BlackElo "2040"]
[PlyCount "41"]
[EventDate "2010.09.21"]
[EventType "team"]
[EventRounds "11"]
[EventCountry "RUS"]
[Source "lmi"]
[SourceDate "2010.09.21"]
[WhiteTeam "Jamaica"]
[BlackTeam "Mauricio"]
[WhiteTeamCountry "JAM"]
[BlackTeamCountry "MRI"]

1. e4 c5 2. Nf3 d6 3. d4 cxd4 4. Nxd4 Nf6 5. Nc3 a6 6. Bg5 e6 7. f4 Qb6 8. Qd2
Qxb2 9. Nb3 Qa3 10. Bd3 Be7 11. O-O Nc6 12. Kh1 h6 13. Bh4 O-O 14. Rae1 Rd8 15.
f5 Rf8 16. Rf3 Kh8 17. Rh3 Kg8 18. Ree3 Rd8 19. Reg3 Kf8 20. Rxg7 Kxg7 21.
Qxh6+ 1-0

[Event "Olimpiada de Khanty-Mansiysk 2010"]
[Site "Khanty-Mansiysk RUS"]
[Date "2010.09.25"]
[Round "5"]
[White "Rosenbeiger, Alan"]
[Black "Gilruth, Peter"]
[Result "1-0"]
[WhiteElo "2153"]
[BlackElo "2202"]
[PlyCount "167"]
[EventDate "2010.09.21"]
[EventType "team"]
[EventRounds "11"]
[EventCountry "RUS"]
[Source "lmi"]
[SourceDate "2010.09.21"]
[WhiteTeam "Islas del Canal"]
[BlackTeam "Kenia"]
[WhiteTeamCountry "JCI"]
[BlackTeamCountry "KEN"]

1. d4 d5 2. c4 c6 3. e3 Nf6 4. Nf3 Bg4 5. cxd5 Bxf3 6. gxf3 cxd5 7. Qb3 Qd7 8.
Nc3 e6 9. Bd2 Be7 10. Bb5 Nc6 11. Rc1 O-O 12. Na4 Rab8 13. Nc5 Bxc5 14. Rxc5
Qd6 15. O-O Nd7 16. Rc2 e5 17. Qd3 Qf6 18. Bxc6 bxc6 19. f4 e4 20. Qe2 Qh4 21.
f3 Nf6 22. Be1 Qh5 23. b3 Qg6+ 24. Qg2 Rb6 25. Qxg6 fxg6 26. Bh4 exf3 27. Bxf6
Rxf6 28. Kf2 Kf7 29. h4 Ke6 30. Rg1 Rf5 31. Kxf3 Kd6 32. Rh2 Rb7 33. Rc1 a5 34.
Rhc2 Rb6 35. Rc5 Ra6 36. Rh1 Ra7 37. Rhc1 Ra6 38. R5c3 Rf7 39. Rh1 Rf5 40. Kg4
Ke6 41. Rc5 Kd6 42. Rh2 Ke6 43. Re2 Kd6 44. Rc1 Ra7 45. Kf3 Rh5 46. Rh2 Rf5 47.
Rhc2 Ra6 48. Rg2 Kd7 49. Rh1 Rh5 50. Rg5 Ke6 51. Kg4 Ra7 52. Rc1 Ra6 53. f5+
Kf6 54. Rf1 Rxg5+ 55. hxg5+ Kf7 56. Rh1 a4 57. Rxh7 axb3 58. axb3 Kg8 59. fxg6
Ra3 60. Rh2 Rxb3 61. Ra2 Kf8 62. Ra8+ Ke7 63. Ra7+ Ke6 64. Rxg7 Rb1 65. Rc7
Rg1+ 66. Kf3 Kd6 67. Rf7 Rxg5 68. Rf6+ Kd7 69. Kf4 Rg1 70. Kf5 Rg2 71. Rf7+ Kd6
72. Kf6 Rf2+ 73. Kg7 Rg2 74. Rf6+ Ke7 75. Rf5 Rg3 76. Re5+ Kd7 77. Kf6 Rf3+ 78.
Rf5 Rxe3 79. g7 Re6+ 80. Kf7 Re7+ 81. Kg6 Re6+ 82. Rf6 Re8 83. Rf8 Re6+ 84. Kf5
1-0

[Event "Olimpiada de Khanty-Mansiysk 2010"]
[Site "Khanty-Mansiysk RUS"]
[Date "2010.09.25"]
[Round "5"]
[White "Kahn, Tito"]
[Black "Mukabi, John"]
[Result "1/2-1/2"]
[WhiteElo "2181"]
[BlackElo "2074"]
[PlyCount "56"]
[EventDate "2010.09.21"]
[EventType "team"]
[EventRounds "11"]
[EventCountry "RUS"]
[Source "lmi"]
[SourceDate "2010.09.21"]
[WhiteTeam "Islas del Canal"]
[BlackTeam "Kenia"]
[WhiteTeamCountry "JCI"]
[BlackTeamCountry "KEN"]

1. c4 Nf6 2. g3 c5 3. Bg2 Nc6 4. Nc3 e6 5. e4 Be7 6. Nge2 d6 7. O-O O-O 8. d4
cxd4 9. Nxd4 Bd7 10. b3 Rc8 11. Ndb5 Be8 12. Ba3 d5 13. exd5 exd5 14. cxd5 Bxa3
15. dxc6 Bxc6 16. Bh3 Bd7 17. Bxd7 Qxd7 18. Qxd7 Nxd7 19. Nxa3 Rxc3 20. Rfd1
Nf6 21. Nb5 Rc5 22. a4 a6 23. Nd6 Rc7 24. Rac1 Rd7 25. Nf5 Rxd1+ 26. Rxd1 g6
27. Ne7+ Kg7 28. Rc1 Rd8 1/2-1/2

[Event "Olimpiada de Khanty-Mansiysk 2010"]
[Site "Khanty-Mansiysk RUS"]
[Date "2010.09.25"]
[Round "5"]
[White "Arauz, Samuel"]
[Black "Ranaivoharisoa, Alain"]
[Result "0-1"]
[WhiteElo "2146"]
[BlackElo "2153"]
[PlyCount "130"]
[EventDate "2010.09.21"]
[EventType "team"]
[EventRounds "11"]
[EventCountry "RUS"]
[Source "lmi"]
[SourceDate "2010.09.21"]
[WhiteTeam "TPE"]
[BlackTeam "Madagascar"]
[BlackTeamCountry "MAD"]

1. e4 c5 2. Nf3 d6 3. d4 cxd4 4. Nxd4 Nf6 5. Nc3 a6 6. a4 e5 7. Nf3 Be7 8. Bc4
Qc7 9. Ba2 O-O 10. O-O h6 11. Nd5 Nxd5 12. Bxd5 Nd7 13. Ra3 Nf6 14. c4 Nxd5 15.
cxd5 f5 16. Rc3 Qd8 17. Qc2 fxe4 18. Qxe4 Bf5 19. Qb4 Qd7 20. Be3 Rac8 21. Rfc1
Rxc3 22. Rxc3 Rc8 23. Nd2 Bf8 24. f3 Qf7 25. Rxc8 Bxc8 26. Qb3 b5 27. axb5 axb5
28. Qxb5 Bb7 29. b4 Bxd5 30. Qd3 Bb7 31. Qc3 Qd7 32. Bb6 Kf7 33. Kf2 Be7 34.
Bc7 Bc6 35. Bb6 Bb5 36. Ne4 d5 37. Nc5 Qc6 38. Ba5 Bf6 39. Qc2 Kg8 40. Qf5 Kf7
41. Bd8 g6 42. Qxf6+ Qxf6 43. Bxf6 Kxf6 44. Ke3 g5 45. g3 Kf5 46. g4+ Kf6 47.
Nb3 Ke6 48. Nc5+ Kd6 49. Nb7+ Kc7 50. Nc5 Bc4 51. Ne6+ Kb6 52. Ng7 Kb5 53. Nf5
Kxb4 54. Kd2 d4 55. Ne7 Kc5 56. Nf5 Be6 57. Ng3 Bd5 58. Ke2 Kc4 59. Nf1 Kc3 60.
Nd2 Bc4+ 61. Ke1 Bd3 62. Kd1 Kb2 63. Ke1 Kc2 64. h3 Kc3 65. Kd1 Kb2 0-1

[Event "Olimpiada de Khanty-Mansiysk 2010"]
[Site "Khanty-Mansiysk RUS"]
[Date "2010.09.25"]
[Round "5"]
[White "Faulks, Nick"]
[Black "Shobaita, Talal"]
[Result "0-1"]
[WhiteElo "2109"]
[BlackElo "2160"]
[PlyCount "54"]
[EventDate "2010.09.21"]
[EventType "team"]
[EventRounds "11"]
[EventCountry "RUS"]
[Source "lmi"]
[SourceDate "2010.09.21"]
[WhiteTeam "Bermuda"]
[BlackTeam "Palestina"]
[WhiteTeamCountry "BER"]
[BlackTeamCountry "PLE"]

1. e4 c5 2. Nf3 d6 3. d4 cxd4 4. Nxd4 Nf6 5. f3 e5 6. Nb3 d5 7. exd5 Nxd5 8. c4
Bb4+ 9. Bd2 Ne3 10. Qc1 Bf5 11. Bxb4 Nc2+ 12. Kf2 Nxb4 13. Na3 N8c6 14. g4 Bd3
15. Qe3 O-O 16. h4 e4 17. f4 Qf6 18. Bxd3 Nxd3+ 19. Kg3 Nxb2 20. Nc5 Rfe8 21.
Rab1 Rad8 22. g5 Qf5 23. Rxb2 b6 24. Rd2 Rxd2 25. Qxd2 Qxc5 26. Nb5 Rd8 27. Qe2
a6 0-1

[Event "Olimpiada de Khanty-Mansiysk 2010"]
[Site "Khanty-Mansiysk RUS"]
[Date "2010.09.25"]
[Round "5"]
[White "Shobaita, Ahmed"]
[Black "Cooper, Gary"]
[Result "1-0"]
[WhiteElo "2072"]
[BlackElo "1886"]
[PlyCount "77"]
[EventDate "2010.09.21"]
[EventType "team"]
[EventRounds "11"]
[EventCountry "RUS"]
[Source "lmi"]
[SourceDate "2010.09.21"]
[WhiteTeam "Palestina"]
[BlackTeam "Bermuda"]
[WhiteTeamCountry "PLE"]
[BlackTeamCountry "BER"]

1. e4 c5 2. Nf3 d6 3. d3 Nc6 4. g3 g6 5. Bg2 Bg7 6. O-O Nf6 7. c3 O-O 8. Qe2
Qc7 9. h3 Bd7 10. Be3 Rab8 11. Nbd2 b5 12. d4 c4 13. a4 a6 14. axb5 axb5 15. d5
Ne5 16. Nxe5 dxe5 17. Ra7 Rb7 18. Rfa1 Rfb8 19. R7a6 Ne8 20. b4 Nd6 21. Bc5 f5
22. h4 Rf8 23. Bh3 f4 24. Bxd7 Qxd7 25. Kg2 h5 26. Ra8 Qg4 27. Rxf8+ Kxf8 28.
Ra8+ Kf7 29. Qxg4 hxg4 30. f3 gxf3+ 31. Kxf3 fxg3 32. Bxd6 exd6 33. Kxg3 Bh6
34. Nf3 Bc1 35. Ra2 Kf6 36. Kg4 Be3 37. Ra6 Rb6 38. Ra7 Rb8 39. Rd7 1-0

[Event "Olimpiada de Khanty-Mansiysk 2010"]
[Site "Khanty-Mansiysk RUS"]
[Date "2010.09.25"]
[Round "5"]
[White "Righi, Ezio"]
[Black "Thompson, Edward Nii Lamp"]
[Result "1/2-1/2"]
[WhiteElo "2116"]
[BlackElo "1831"]
[PlyCount "135"]
[EventDate "2010.09.21"]
[EventType "team"]
[EventRounds "11"]
[EventCountry "RUS"]
[Source "lmi"]
[SourceDate "2010.09.21"]
[WhiteTeam "San Marino"]
[BlackTeam "Ghana"]
[WhiteTeamCountry "SMR"]
[BlackTeamCountry "GHA"]

1. e4 e5 2. Nf3 Nc6 3. Bb5 Nf6 4. d3 Bc5 5. O-O d6 6. c3 Bd7 7. Nbd2 O-O 8. b4
Bb6 9. Nc4 Qe7 10. Ne3 a6 11. Bc4 Be6 12. Nd5 Bxd5 13. exd5 Nb8 14. Bg5 h6 15.
Be3 Nbd7 16. Bb3 Nh7 17. Bxb6 cxb6 18. Qe2 f5 19. Rfe1 Rf7 20. Rac1 g5 21. Nd4
Nhf8 22. Ne6 Rf6 23. d4 e4 24. f3 exf3 25. Qxf3 Qf7 26. Rc2 Ng6 27. Qh5 Nh4 28.
Qxf7+ Kxf7 29. Rce2 Ng6 30. g3 Rc8 31. c4 Ndf8 32. Nxf8 Rxf8 33. Re6 Kg7 34.
Bc2 R8f7 35. Rf1 Ne7 36. Bd1 Rxe6 37. dxe6 Rf6 38. Re1 Rf8 39. d5 Kf6 40. Bb3
Rc8 41. Kf2 Rc7 42. Ke3 Ng6 43. a4 Ne5 44. Rc1 f4+ 45. gxf4 gxf4+ 46. Ke4 f3
47. a5 Rg7 48. Ke3 Rg2 49. Rc2 Rxc2 50. Bxc2 bxa5 51. c5 axb4 52. cxd6 Nc4+ 53.
Kxf3 Nxd6 54. Ke3 Ke5 55. e7 b5 56. Bg6 a5 57. e8=Q+ Nxe8 58. Bxe8 Kxd5 59.
Bxb5 Kc5 60. Ba6 b3 61. Kd2 Kb4 62. Kc1 a4 63. Kb1 Kc3 64. Bc8 a3 65. Bf5 Kd2
66. h4 Kc3 67. h5 Kd2 68. Bg6 1/2-1/2

[Event "Olimpiada de Khanty-Mansiysk 2010"]
[Site "Khanty-Mansiysk RUS"]
[Date "2010.09.25"]
[Round "5"]
[White "Hoareau, Benjamin"]
[Black "Sanon, Mondoly"]
[Result "0-1"]
[WhiteElo "2026"]
[BlackElo "2120"]
[PlyCount "76"]
[EventDate "2010.09.21"]
[EventType "team"]
[EventRounds "11"]
[EventCountry "RUS"]
[Source "lmi"]
[SourceDate "2010.09.21"]
[WhiteTeam "Seychelles"]
[BlackTeam "Haití"]
[WhiteTeamCountry "SEY"]
[BlackTeamCountry "HAI"]

1. b3 e5 2. Bb2 Nc6 3. d4 exd4 4. Nf3 Bb4+ 5. c3 dxc3 6. Nxc3 Nf6 7. Qd3 O-O 8.
g4 d5 9. O-O-O Be6 10. Qe3 Nxg4 11. Qf4 Bd6 12. Qd2 Nxf2 13. Rg1 Nxd1 14. Qh6
g6 15. Nxd1 f6 16. e3 Qd7 17. Bd3 Qg7 18. Qh4 Ne5 19. Nxe5 Bxe5 20. Ba3 c5 21.
e4 b6 22. Kb1 Rfd8 23. Bc1 c4 24. Bh6 Qf7 25. bxc4 dxc4 26. Bc2 c3 27. Ne3
Bxa2+ 28. Kc1 Qe7 29. Nd5 Qa3+ 30. Kd1 Bxd5 31. exd5 Qa1+ 32. Bc1 Rxd5+ 33. Ke2
Rd2+ 34. Bxd2 Qxg1 35. Qc4+ Kh8 36. Be3 Qxh2+ 37. Bf2 Bg3 38. Qd4 Qxf2+ 0-1

[Event "Olimpiada de Khanty-Mansiysk 2010"]
[Site "Khanty-Mansiysk RUS"]
[Date "2010.09.25"]
[Round "5"]
[White "Brookfield, Toby"]
[Black "Pascoal, Eduardo A"]
[Result "0-1"]
[WhiteElo "1782"]
[BlackElo "2205"]
[PlyCount "65"]
[EventDate "2010.09.21"]
[EventType "team"]
[EventRounds "11"]
[EventCountry "RUS"]
[Source "lmi"]
[SourceDate "2010.09.21"]
[WhiteTeam "Islas del Canal"]
[BlackTeam "Angola"]
[WhiteTeamCountry "GCI"]
[BlackTeamCountry "ANG"]

1. f4 d5 2. Nf3 Nf6 3. e3 Bg4 4. Be2 e6 5. O-O c5 6. d3 Nc6 7. h3 Bxf3 8. Bxf3
h5 9. c3 h4 10. e4 Be7 11. Qe2 Qd7 12. Na3 O-O-O 13. Nc2 g6 14. Be3 Nh5 15.
Bxh5 Rxh5 16. b4 dxe4 17. dxe4 Qd3 18. Qf2 Qxe4 19. Rfe1 Qd3 20. Rac1 Qa6 21.
bxc5 Qxa2 22. Re2 Qa5 23. Nd4 Bxc5 24. Ra2 Qb6 25. Rb2 Qc7 26. Ra2 a6 27. Rd2
Na5 28. Qf1 Nb3 29. Nxb3 Bxe3+ 30. Rf2 Qxf4 31. Nd4 Qxf2+ 32. Qxf2 Bxf2+ 33.
Kxf2 0-1

[Event "Olimpiada de Khanty-Mansiysk 2010"]
[Site "Khanty-Mansiysk RUS"]
[Date "2010.09.25"]
[Round "5"]
[White "Domingos, Ediberto"]
[Black "Rowe, Peter"]
[Result "1/2-1/2"]
[WhiteElo "2186"]
[BlackElo "2012"]
[PlyCount "68"]
[EventDate "2010.09.21"]
[EventType "team"]
[EventRounds "11"]
[EventCountry "RUS"]
[Source "lmi"]
[SourceDate "2010.09.21"]
[WhiteTeam "Angola"]
[BlackTeam "Islas del Canal"]
[WhiteTeamCountry "ANG"]
[BlackTeamCountry "GCI"]

1. d4 d5 2. Nf3 Nf6 3. e3 e6 4. c4 a6 5. a4 c5 6. Nc3 cxd4 7. exd4 Nc6 8. Be2
Be7 9. O-O O-O 10. h3 b6 11. Bf4 dxc4 12. Bxc4 Bb7 13. Rc1 Bd6 14. Bg5 h6 15.
Be3 Na5 16. Bd3 Nd5 17. Nxd5 Bxd5 18. Qe2 Nb3 19. Rcd1 f5 20. Bc4 f4 21. Bc1
Qe8 22. Rfe1 Bb4 23. Bxd5 exd5 24. Qxe8 Raxe8 25. Rxe8 Rxe8 26. Bxf4 Re2 27.
Rb1 Rc2 28. Be3 Bd6 29. Kf1 Rc4 30. Ke2 Rxa4 31. Kd3 Rc4 32. Ne5 Rc8 33. Nd7
Rc6 34. f4 a5 1/2-1/2

[Event "Olimpiada de Khanty-Mansiysk 2010"]
[Site "Khanty-Mansiysk RUS"]
[Date "2010.09.25"]
[Round "5"]
[White "Murara, Maxence"]
[Black "Celis, Solomon B"]
[Result "0-1"]
[WhiteElo "1685"]
[BlackElo "1985"]
[PlyCount "64"]
[EventDate "2010.09.21"]
[EventType "team"]
[EventRounds "11"]
[EventCountry "RUS"]
[Source "lmi"]
[SourceDate "2010.09.21"]
[WhiteTeam "Ruanda"]
[BlackTeam "Macao"]
[WhiteTeamCountry "RWA"]
[BlackTeamCountry "MAC"]

1. e4 e6 2. d4 d5 3. Nc3 Bb4 4. Bd2 dxe4 5. Qg4 Qxd4 6. O-O-O f5 7. Qg3 Bd6 8.
Bf4 Bxf4+ 9. Qxf4 Qc5 10. Be2 Nf6 11. h4 O-O 12. h5 e5 13. Qh4 h6 14. f4 Qe3+
15. Kb1 Qxf4 16. Qe1 Kh8 17. Nb5 Na6 18. Qc3 e3 19. Nf3 Ne4 20. Qa3 Be6 21. g3
Qxg3 22. Rhg1 Qf4 23. Qe7 Bf7 24. Nxe5 Rae8 25. Qxf7 Qxe5 26. Qg6 Re6 27. Qg2
Nd2+ 28. Kc1 Nb4 29. Nc3 Rb6 30. Rxd2 Qxc3 31. Qxg7+ Qxg7 32. Rxg7 exd2+ 0-1

[Event "Olimpiada de Khanty-Mansiysk 2010"]
[Site "Khanty-Mansiysk RUS"]
[Date "2010.09.27"]
[Round "6"]
[White "Pashikian, Arman"]
[Black "Gelashvili, Tamaz"]
[Result "1-0"]
[WhiteElo "2639"]
[BlackElo "2611"]
[PlyCount "75"]
[EventDate "2010.09.21"]
[EventType "team"]
[EventRounds "11"]
[EventCountry "RUS"]
[Source "lmi"]
[SourceDate "2010.09.21"]
[WhiteTeam "Armenia"]
[BlackTeam "Georgia"]
[WhiteTeamCountry "ARM"]
[BlackTeamCountry "GEO"]

1. d4 Nf6 2. Nf3 e6 3. c4 Bb4+ 4. Nbd2 b6 5. a3 Bxd2+ 6. Qxd2 Bb7 7. e3 O-O 8.
Be2 d6 9. O-O Nbd7 10. b4 Ne4 11. Qc2 c5 12. Rd1 cxd4 13. Nxd4 a6 14. f3 Nef6
15. Bb2 Qe7 16. Rac1 Rac8 17. Qd2 Rfd8 18. e4 h6 19. Qe3 Rc7 20. Nb3 e5 21. a4
d5 22. cxd5 Rxc1 23. Nxc1 Qxb4 24. Nd3 Qb3 25. Rc1 Ne8 26. Bd1 Qa2 27. Qe2 a5
28. Nxe5 Ba6 29. Qf2 Nxe5 30. Bxe5 Qa3 31. Qd2 f6 32. Bb2 Qe7 33. Rc6 f5 34.
Rxb6 Rd6 35. Qxa5 fxe4 36. Rxd6 exf3 37. Re6 Qa7+ 38. Qb6 1-0

[Event "Olimpiada de Khanty-Mansiysk 2010"]
[Site "Khanty-Mansiysk RUS"]
[Date "2010.09.27"]
[Round "6"]
[White "Berkes, Ferenc"]
[Black "Efimenko, Zahar"]
[Result "1/2-1/2"]
[WhiteElo "2678"]
[BlackElo "2683"]
[PlyCount "43"]
[EventDate "2010.09.21"]
[EventType "team"]
[EventRounds "11"]
[EventCountry "RUS"]
[Source "lmi"]
[SourceDate "2010.09.21"]
[WhiteTeam "Hungría"]
[BlackTeam "Ucrania"]
[WhiteTeamCountry "HUN"]
[BlackTeamCountry "UKR"]

1. d4 Nf6 2. c4 e6 3. g3 d5 4. Nf3 Bb4+ 5. Bd2 Be7 6. Bg2 c6 7. O-O Nbd7 8. Qc2
O-O 9. Rd1 b6 10. Bf4 Bb7 11. Nc3 dxc4 12. Nd2 Nd5 13. Nxc4 Nxf4 14. gxf4 Nf6
15. e3 Nd5 16. Rac1 Rc8 17. Ne5 f6 18. Nd3 Kh8 19. Qa4 a5 20. Qb3 Rb8 21. Rd2
c5 22. Nb5 1/2-1/2

[Event "Olimpiada de Khanty-Mansiysk 2010"]
[Site "Khanty-Mansiysk RUS"]
[Date "2010.09.27"]
[Round "6"]
[White "Nepomniachtchi, Ian"]
[Black "Van Wely, Loek"]
[Result "1-0"]
[WhiteElo "2706"]
[BlackElo "2679"]
[PlyCount "117"]
[EventDate "2010.09.21"]
[EventType "team"]
[EventRounds "11"]
[EventCountry "RUS"]
[Source "lmi"]
[SourceDate "2010.09.21"]
[WhiteTeam "RU2"]
[BlackTeam "Holanda"]
[BlackTeamCountry "NED"]

1. e4 c5 2. Nf3 Nc6 3. d4 cxd4 4. Nxd4 Nf6 5. Nc3 e5 6. Ndb5 d6 7. Bg5 a6 8.
Na3 b5 9. Nd5 Be7 10. Bxf6 Bxf6 11. c4 b4 12. Nc2 O-O 13. h4 Rb8 14. b3 a5 15.
g3 Be7 16. Bh3 Be6 17. Kf1 Qd7 18. Kg2 Bd8 19. Qd3 Qa7 20. Rad1 Bb6 21. Nxb6
Qxb6 22. Rd2 Rbd8 23. Rhd1 Qc7 24. Qe3 h6 25. Bxe6 fxe6 26. c5 dxc5 27. Qxc5
Rxd2 28. Rxd2 Rc8 29. Ne3 Nd4 30. Qxc7 Rxc7 31. Nc4 Rc5 32. f4 Nc6 33. Rd7 exf4
34. gxf4 g5 35. Kg3 gxf4+ 36. Kxf4 a4 37. Rb7 axb3 38. axb3 Nd4 39. Rxb4 Nxb3
40. Ne5 Na5 41. Rb1 Nc6 42. Rg1+ Kh8 43. Nd7 Rc2 44. Rg6 e5+ 45. Kg3 Rc4 46.
Rxh6+ Kg7 47. Re6 Rc3+ 48. Kg4 Rc4 49. Kg5 Rc1 50. Rg6+ Kh8 51. Kf6 Rf1+ 52.
Ke6 Nd4+ 53. Kd5 Ne2 54. Kxe5 Nf4 55. Rg4 Nd3+ 56. Ke6 Nf4+ 57. Ke7 Kh7 58.
Nf6+ Kh6 59. Kf7 1-0

[Event "Olimpiada de Khanty-Mansiysk 2010"]
[Site "Khanty-Mansiysk RUS"]
[Date "2010.09.27"]
[Round "6"]
[White "L'Ami, Erwin"]
[Black "Vitiugov, Nikita"]
[Result "1/2-1/2"]
[WhiteElo "2624"]
[BlackElo "2709"]
[PlyCount "86"]
[EventDate "2010.09.21"]
[EventType "team"]
[EventRounds "11"]
[EventCountry "RUS"]
[Source "lmi"]
[SourceDate "2010.09.21"]
[WhiteTeam "Holanda"]
[BlackTeam "RU2"]
[WhiteTeamCountry "NED"]

1. d4 Nf6 2. c4 e6 3. Nf3 d5 4. Nc3 Bb4 5. cxd5 exd5 6. Bg5 Nbd7 7. e3 c5 8.
Bd3 Qa5 9. Qc2 c4 10. Bf5 O-O 11. O-O Re8 12. Nd2 g6 13. Bh3 Bxc3 14. Qxc3 Qxc3
15. bxc3 Kg7 16. f3 h6 17. Bxf6+ Nxf6 18. Bxc8 Raxc8 19. Kf2 Rc6 20. Rfb1 Rce6
21. Nf1 Rb8 22. a4 Ne8 23. Rb5 Nc7 24. Rb2 b6 25. g4 Rbe8 26. Re1 a6 27. Ng3 b5
28. axb5 axb5 29. Ree2 Ra8 30. e4 Ra3 31. Rec2 Rf6 32. Kg2 Rfa6 33. Ne2 Rb3 34.
Kf2 Rxb2 35. Rxb2 Ra3 36. exd5 Ra6 37. h4 Rb6 38. Nf4 g5 39. d6 Rxd6 40. hxg5
hxg5 41. Ng2 Ra6 42. Ne3 Kf6 43. d5 Rd6 1/2-1/2

[Event "Olimpiada de Khanty-Mansiysk 2010"]
[Site "Khanty-Mansiysk RUS"]
[Date "2010.09.27"]
[Round "6"]
[White "Stellwagen, Daniel"]
[Black "Timofeev, Artyom"]
[Result "0-1"]
[WhiteElo "2635"]
[BlackElo "2690"]
[PlyCount "62"]
[EventDate "2010.09.21"]
[EventType "team"]
[EventRounds "11"]
[EventCountry "RUS"]
[Source "lmi"]
[SourceDate "2010.09.21"]
[WhiteTeam "Holanda"]
[BlackTeam "RU2"]
[WhiteTeamCountry "NED"]

1. e4 c5 2. Nf3 Nc6 3. Bb5 d6 4. O-O Bd7 5. Re1 Nf6 6. c3 a6 7. Ba4 b5 8. Bc2
Bg4 9. d3 e6 10. Nbd2 d5 11. h3 Bh5 12. a4 Be7 13. axb5 axb5 14. Rxa8 Qxa8 15.
Nf1 O-O 16. Ng3 Bxf3 17. Qxf3 d4 18. Qd1 Rd8 19. Bd2 dxc3 20. bxc3 b4 21. Qc1
Nd7 22. f4 Bh4 23. Re3 Qa3 24. Ne2 Ra8 25. Qd1 Qa1 26. Kh2 Qxd1 27. Bxd1 Ra1
28. Bb3 Na5 29. Bc4 Nxc4 30. dxc4 b3 31. Bc1 Rxc1 0-1

[Event "Olimpiada de Khanty-Mansiysk 2010"]
[Site "Khanty-Mansiysk RUS"]
[Date "2010.09.27"]
[Round "6"]
[White "Kramnik, Vladimir"]
[Black "Navara, David"]
[Result "1/2-1/2"]
[WhiteElo "2780"]
[BlackElo "2722"]
[PlyCount "63"]
[EventDate "2010.09.21"]
[EventType "team"]
[EventRounds "11"]
[EventCountry "RUS"]
[Source "lmi"]
[SourceDate "2010.09.21"]
[WhiteTeam "RU1"]
[BlackTeam "Chequia"]
[BlackTeamCountry "CZE"]

1. d4 Nf6 2. c4 g6 3. f3 Nc6 4. d5 Ne5 5. e4 d6 6. Nc3 c6 7. f4 Ned7 8. Be3 e5
9. dxe6 fxe6 10. Nh3 e5 11. f5 Qa5 12. fxg6 hxg6 13. a3 Qc7 14. b4 a5 15. Ng5
axb4 16. axb4 Rxa1 17. Qxa1 d5 18. Ne6 Qd6 19. exd5 cxd5 20. cxd5 Qxb4 21. Bd3
e4 22. Bb5 Bd6 23. Bd4 Ke7 24. Ke2 Rxh2 25. Rb1 Qa3 26. Qxa3 Bxa3 27. Bxd7 Bxd7
28. Bxf6+ Kxf6 29. Rxb7 Rxg2+ 30. Kf1 Rc2 31. Nxe4+ Ke5 32. Rxd7 1/2-1/2

[Event "Olimpiada de Khanty-Mansiysk 2010"]
[Site "Khanty-Mansiysk RUS"]
[Date "2010.09.27"]
[Round "6"]
[White "Laznicka, Viktor"]
[Black "Svidler, Peter"]
[Result "1/2-1/2"]
[WhiteElo "2690"]
[BlackElo "2731"]
[PlyCount "84"]
[EventDate "2010.09.21"]
[EventType "team"]
[EventRounds "11"]
[EventCountry "RUS"]
[Source "lmi"]
[SourceDate "2010.09.21"]
[WhiteTeam "Chequia"]
[BlackTeam "RU1"]
[WhiteTeamCountry "CZE"]

1. d4 Nf6 2. c4 g6 3. Nf3 Bg7 4. g3 c6 5. Bg2 d5 6. b3 dxc4 7. bxc4 c5 8. Bb2
Qb6 9. Qb3 Ne4 10. e3 O-O 11. O-O Nc6 12. Ne5 Nd6 13. Nxc6 bxc6 14. dxc5 Qxc5
15. Bxg7 Kxg7 16. Nd2 Be6 17. Rfc1 Rab8 18. Qd3 Rfc8 19. Nb3 Qa3 20. c5 Nb5 21.
Qe4 Rb7 22. Qe5+ Kg8 23. Rd1 Rbc7 24. h4 Bxb3 25. axb3 Qxb3 26. Bh3 Rf8 27.
Rac1 h5 28. g4 hxg4 29. Bxg4 f6 30. Be6+ Kg7 31. Qe4 Qb2 32. h5 f5 33. Qc4 Qf6
34. hxg6 Qg5+ 35. Kf1 f4 36. exf4 Rxf4 37. Qa2 Nd4 38. Rc4 Qh4 39. Rdxd4 Rxd4
40. Rxd4 Qxd4 41. Qb3 Qf6 42. Qh3 Qxg6 1/2-1/2

[Event "Olimpiada de Khanty-Mansiysk 2010"]
[Site "Khanty-Mansiysk RUS"]
[Date "2010.09.27"]
[Round "6"]
[White "Mamedov, Rauf"]
[Black "Ganguly, Surya Shekhar"]
[Result "1-0"]
[WhiteElo "2660"]
[BlackElo "2650"]
[PlyCount "139"]
[EventDate "2010.09.21"]
[EventType "team"]
[EventRounds "11"]
[EventCountry "RUS"]
[Source "lmi"]
[SourceDate "2010.09.21"]
[WhiteTeam "Azerbaiyán"]
[BlackTeam "India"]
[WhiteTeamCountry "AZE"]
[BlackTeamCountry "IND"]

1. g3 Nf6 2. Bg2 g6 3. e4 d6 4. d4 Bg7 5. Nc3 O-O 6. Nge2 e5 7. h3 exd4 8. Nxd4
Nbd7 9. O-O Re8 10. a4 Nc5 11. Re1 a5 12. Bf4 h6 13. Ndb5 Nfd7 14. Qd2 Kh7 15.
Rad1 Ne5 16. Qe2 Be6 17. b3 Qc8 18. Qf1 Nc6 19. Nd5 Bxd5 20. exd5 Rxe1 21. Qxe1
Ne5 22. Be3 b6 23. Bd4 Qd8 24. Qc3 Bf6 25. Re1 Ned7 26. Bxf6 Nxf6 27. Nxc7 Rc8
28. Nb5 Kg7 29. Na7 Ra8 30. Nc6 Qf8 31. Qd4 Re8 32. Rxe8 Qxe8 33. Kf1 Qc8 34.
g4 Ncd7 35. f4 Kh7 36. Bf3 Qe8 37. Kf2 Ng8 38. Qe3 Qf8 39. Qd4 Nc5 40. h4 Qc8
41. Qe3 Qf8 42. g5 hxg5 43. hxg5 f6 44. Kg3 fxg5 45. fxg5 Qf5 46. Nd4 Qf7 47.
Qf4 Qe7 48. Kf2 Kg7 49. Nb5 Nb7 50. Qd4+ Kf8 51. Qf4+ Kg7 52. Kf1 Qd7 53. Bg4
Qe7 54. Nd4 Nc5 55. Ne6+ Nxe6 56. Bxe6 Qc7 57. c3 Qe7 58. Ke2 Qc7 59. Kd3 Qe7
60. b4 Qc7 61. Qd4+ Kh7 62. Qe4 Kg7 63. Bxg8 axb4 64. cxb4 Qc1 65. Be6 Qb1+ 66.
Ke3 Qe1+ 67. Kf4 Qf2+ 68. Qf3 Qh2+ 69. Ke3 Qg1+ 70. Ke4 1-0